000 00713nam a2200265Ia 4500
005 20260121165314.0
008 008 260114s9999 xx 000 0 eng d
020 _a9783319331119
037 _aEBOOK
040 _aCRL
040 _beng
040 _cCRL
041 _2eng
041 _aeng
084 _qCRL
100 _aAbdelaziz Bouras, Benoit Eynard, Sebti Foufou, Klaus-Dieter Thoben
_91050056
245 0 _aProduct Lifecycle Management in the Era of Internet of Things
260 _bSpringer
260 _bSpringer
260 _c2016
856 _uhttps://link.springer.com/openurl?genre=book&isbn=978-3-319-33111-9
942 _cEBOOK
999 _c1615781
_d1615781